00521nam a2200193 a 4500001001300000003000900013005001700022008004100039020000900080082001500089100002600104245004400130260003100174300000900205500003500214505003200249650002000281700002600301nice12345678IN_TiNIC20260116013420.0050524s1988 deoa grp 000 0 urd  ac6000a297.2bISM aIsmail, Shah Mohammad aTaqweeyatul Imaan Maa Tazkeer Ul Akhwan aDeobandbDarul Kitabc1988 a320p aincludes index and biblioraphy2 aAppendix, References, Index aIslam-Doctrines1 aIsmail, Shah Mohammad